Catálogo

Aprendizaje basado en desafíos / (Registro nro. 17112)

Detalles MARC
000 -LEADER
fixed length control field 01377cam a2200325 a 4500
001 - CONTROL NUMBER
control field 17112
003 - CONTROL NUMBER IDENTIFIER
control field Mx-PuUPA
005 - DATE AND TIME OF LATEST TRANSACTION
control field 20240410103507.0
008 - FIXED-LENGTH DATA ELEMENTS--GENERAL INFORMATION
fixed length control field 140415s2020 mx ad gr 000 0 spa d
020 ## - INTERNATIONAL STANDARD BOOK NUMBER
International Standard Book Number 9786071738660
040 ## - CATALOGING SOURCE
Transcribing agency Mx-PuUPA
Original cataloging agency Mx-PuUPA
Modifying agency Mx-PuUPA
Description conventions rda
Language of cataloging spa
041 1# - LANGUAGE CODE
Language code of text/sound track or separate title spa
Language code of original eng
100 1# - MAIN ENTRY--PERSONAL NAME
9 (RLIN) 13815
Personal name Nottingham, James,
Relator term autor
240 10 - UNIFORM TITLE
Uniform title Challenging learning, theory, effective practice and lesson ideas to create optimal learning in the classroom.
Language of a work Español
245 10 - TITLE STATEMENT
Title Aprendizaje basado en desafíos /
Statement of responsibility, etc. James Nottingham
246 12 - VARYING FORM OF TITLE
Title proper/short title Aprendizaje basado en desafíos :
Remainder of title la curva de aprendizaje; ambientes propicios de aprendizaje; modelos de lecciones.
250 ## - EDITION STATEMENT
Edition statement Primera edición /
Remainder of edition statement enero
264 #1 - PRODUCTION, PUBLICATION, DISTRIBUTION, MANUFACTURE, AND COPYRIGHT NOTICE
Place of production, publication, distribution, manufacture México, D.F. :
Name of producer, publisher, distributor, manufacturer Editorial Trillas,
Date of production, publication, distribution, manufacture, or copyright notice ©2020
300 ## - PHYSICAL DESCRIPTION
Extent 238 páginas :
Other physical details ilustraciones, diagramas, tablas ;
Dimensions 23 cm
336 ## - CONTENT TYPE
Fuente rdacontent
Content type term texto
Content type code txt
337 ## - MEDIA TYPE
Source rdamedia
Media type term sin medio
Media type code n
338 ## - CARRIER TYPE
Source rdacarrier
Carrier type term volumen
Carrier type code nc
650 #7 - SUBJECT ADDED ENTRY--TOPICAL TERM
Source of heading or term armarc
Topical term or geographic name entry element Educación
General subdivision Planificación
650 #7 - SUBJECT ADDED ENTRY--TOPICAL TERM
Source of heading or term armarc
Topical term or geographic name entry element Psicopedagogía
650 #7 - SUBJECT ADDED ENTRY--TOPICAL TERM
Source of heading or term armarc
Topical term or geographic name entry element Enseñanza
765 08 - ORIGINAL LANGUAGE ENTRY
Main entry heading Nottingham, James,
Edition 2nd edition
Title Challenging learning, theory, effective practice and lesson ideas to create optimal learning in the classroom.
942 ## - ADDED ENTRY ELEMENTS (KOHA)
Source of classification or shelving scheme Dewey Decimal Classification
Koha item type Libro
Classification part 371.3028
Item part N895
Existencias
Withdrawn status Lost status Source of classification or shelving scheme Damaged status Not for loan Collection code Home library Current library Shelving location Date acquired Total Checkouts Full call number Barcode Date last seen Date last checked out Price effective from Koha item type Copy number
    Dewey Decimal Classification     General Tehuacán Tehuacán Sala general 03/03/2023 1 371.3028 N895 2020 968000001257 08/01/2025 31/08/2024 03/03/2023 Libro  
    Dewey Decimal Classification     General Tehuacán Tehuacán Sala general 10/03/2023   371.3028 N895 2020 968000001332 08/01/2025   10/03/2023 Libro Ej.2
    Dewey Decimal Classification     General Tehuacán Tehuacán Sala general 14/08/2023   371.3028 N895 2020 968000001519 08/01/2025   14/08/2023 Libro Ej.3